A choice of Kipling's verse / (Record no. 120545)
[ view plain ]
| 000 -LEADER | |
|---|---|
| fixed length control field | 01143cam a2200301 a 4500 |
| 001 - CONTROL NUMBER | |
| control field | 9258332 |
| 003 - CONTROL NUMBER IDENTIFIER | |
| control field | ARRUPE |
| 005 - DATE AND TIME OF LATEST TRANSACTION | |
| control field | 20140520134044.0 |
| 008 - FIXED-LENGTH DATA ELEMENTS--GENERAL INFORMATION | |
| fixed length control field | 750130s1941 enk 000 0 eng c |
| 010 ## - LIBRARY OF CONGRESS CONTROL NUMBER | |
| LC control number | a 42002530 |
| 040 ## - CATALOGING SOURCE | |
| Original cataloging agency | New York. Public library |
| Transcribing agency | MBNU |
| Modifying agency | OCoLC |
| -- | DLC |
| 050 00 - LIBRARY OF CONGRESS CALL NUMBER | |
| Classification number | PR4851 |
| Item number | 1941 |
| 051 ## - LIBRARY OF CONGRESS COPY, ISSUE, OFFPRINT STATEMENT | |
| Classification number | PR4851 |
| Item number | 1941 Copy 2 |
| Copy information | In dust jacket. Part of the gift of Mrs. H. Dunscombe Colt, 1984-1987. |
| 300 ## - PHYSICAL DESCRIPTION | |
| Dimensions | 21 cm. |
| 100 1# - MAIN ENTRY--PERSONAL NAME | |
| Personal name | Kipling, Rudyard, |
| Dates associated with a name | 1865-1936. |
| 9 (RLIN) | 10375 |
| 240 10 - UNIFORM TITLE | |
| Uniform title | <a href="Poems.">Poems.</a> |
| Form subheading | Selections |
| 245 12 - TITLE STATEMENT | |
| Title | A choice of Kipling's verse / |
| Statement of responsibility, etc | made by T. S. Eliot ; with an essay on Rudyard Kipling. |
| 260 ## - PUBLICATION, DISTRIBUTION, ETC. (IMPRINT) | |
| Place of publication, distribution, etc | London : |
| Name of publisher, distributor, etc | Faber and Faber, |
| Date of publication, distribution, etc | [1941] |
| 300 ## - PHYSICAL DESCRIPTION | |
| Extent | 306 p. ; |
| 500 ## - GENERAL NOTE | |
| General note | "First published in December Mcmxli." |
| 510 4# - CITATION/REFERENCES NOTE | |
| Name of source | Stewart, J.M. Kipling, |
| Location within source | 687 |
| 700 1# - ADDED ENTRY--PERSONAL NAME | |
| Personal name | Eliot, T. S. |
| Fuller form of name | (Thomas Stearns), |
| Dates associated with a name | 1888-1965. |
| 9 (RLIN) | 10376 |
| 710 2# - ADDED ENTRY--CORPORATE NAME | |
| Corporate name or jurisdiction name as entry element | Kipling Collection (Library of Congress) |
| Institution to which field applies | DLC |
| 9 (RLIN) | 10377 |
| 710 2# - ADDED ENTRY--CORPORATE NAME | |
| Corporate name or jurisdiction name as entry element | Colt Kipling Collection (Library of Congress) |
| Institution to which field applies | DLC |
| 9 (RLIN) | 10378 |
| 906 ## - LOCAL DATA ELEMENT F, LDF (RLIN) | |
| a | 7 |
| b | cbc |
| c | premver |
| d | 2 |
| e | ncip |
| f | 19 |
| g | y-gencatlg |
| 942 ## - ADDED ENTRY ELEMENTS (KOHA) | |
| Source of classification or shelving scheme | Library of Congress Classification |
| Koha item type | Monograph ( Printed materials) |
No items available.